Uniwersalny slownik : Hiszpansko - polski, polsko - hiszpanski
Furkejuvvon:
| Materiálatiipa: | Girji |
|---|---|
| Giella: | Undetermined |
| Almmustuhtton: |
Poznan, Polonia
Wydawnictwo Lektorklett
2005
|
| Fáttát: | |
| Fáddágilkorat: |
Lasit fáddágilkoriid
Eai fáddágilkorat, Lasit vuosttaš fáddágilkora!
|
MARC
| LEADER | 00000nam a2200000Ia 4500 | ||
|---|---|---|---|
| 008 | 170316s9999 xx 000 0 und d | ||
| 040 | |a cru BVZT | ||
| 090 | |a REF | ||
| 245 | |a Uniwersalny slownik : Hiszpansko - polski, polsko - hiszpanski | ||
| 260 | |a Poznan, Polonia | ||
| 260 | |b Wydawnictwo Lektorklett | ||
| 260 | |c 2005 | ||
| 300 | |a 504 páginas | ||
| 650 | |a REFERENCIA | ||
| 650 | |a DICCIONARIO DE ESPAÑOL POLACO Y POLACO ESPAÑOL | ||
| 942 | |c REF | ||
| 999 | |c 15015 |d 15015 | ||
